[Event "M.Chigorin Memorial A"]
[Site "St. Petersburg RUS"]
[Date "2007.12.06"]
[Round "6.10"]
[White "Romanov, Evgeny"]
[Black "Evdokimov, Alexander A"]
[Result "1/2-1/2"]
[WhiteElo "2515"]
[BlackElo "2562"]
[PlyCount "62"]
[EventDate "2007.??.??"]

1. d4 Nf6 2. c4 g6 3. Nc3 d5 4. cxd5 Nxd5 5. Nf3 Bg7 6. e3 O-O 7. Bc4 Nxc3 8.
bxc3 c5 9. O-O Nc6 10. h3 Na5 11. Bd3 Be6 12. Qe2 cxd4 13. cxd4 Rc8 14. Nd2 Qd7
15. Ba3 Rc7 16. Bb5 Qd5 17. Bb4 Nc6 18. Ba3 Rfc8 19. Nb3 Qg5 20. f4 Qd5 21.
Rad1 Bf5 22. Bc4 Qd8 23. Kh2 Nb8 24. Nd2 Nc6 25. Nb3 Nb8 26. Rc1 Be4 27. Rfd1
e6 28. Bd3 Bxd3 29. Qxd3 Rxc1 30. Rxc1 Rxc1 31. Bxc1 Nd7 1/2-1/2

[Event "M.Chigorin Memorial A"]
[Site "St. Petersburg RUS"]
[Date "2007.12.06"]
[Round "6.11"]
[White "Kokarev, Dmitry"]
[Black "Levin, Evgeny A"]
[Result "1/2-1/2"]
[WhiteElo "2550"]
[BlackElo "2428"]
[PlyCount "107"]
[EventDate "2007.??.??"]

1. e4 c5 2. Nf3 d6 3. d4 cxd4 4. Nxd4 Nf6 5. f3 a6 6. c4 e6 7. Nc3 b6 8. Be3
Bb7 9. Be2 Nbd7 10. O-O Be7 11. a4 Ne5 12. a5 bxa5 13. Qa4+ Qd7 14. Qxa5 Nc6
15. Qa2 Nxd4 16. Bxd4 O-O 17. Rfd1 Qc7 18. Rac1 Nd7 19. b4 Rfc8 20. Na4 Qb8 21.
Qa1 Bf8 22. Rb1 Qc7 23. Rdc1 Qd8 24. Bf1 Qg5 25. Qa2 Be7 26. Qf2 Qh5 27. Rd1
Bh4 28. Qb2 Be7 29. Qf2 Bh4 30. Qd2 Be7 31. Be3 Rd8 32. Bf4 Ne5 33. Qf2 Bc6 34.
Nb6 Rab8 35. Ra1 f5 36. b5 axb5 37. cxb5 Be8 38. Ra4 fxe4 39. Rxe4 Bf6 40. Nc4
Bxb5 41. Nxd6 Bxf1 42. Qxf1 Ng6 43. Bg3 Nf8 44. Rc4 Qa5 45. Ne4 Rxd1 46. Nxf6+
gxf6 47. Qxd1 Rd8 48. Qf1 Qd5 49. Re4 Qd3 50. Re2 Rc8 51. h3 Rc2 52. Rxc2 Qxc2
53. Qa1 e5 54. Kh2 1/2-1/2

[Event "M.Chigorin Memorial A"]
[Site "St. Petersburg RUS"]
[Date "2007.12.06"]
[Round "6.12"]
[White "Gasanov, Eldar"]
[Black "Tihonov, Jurij"]
[Result "1/2-1/2"]
[WhiteElo "2504"]
[BlackElo "2522"]
[PlyCount "156"]
[EventDate "2007.??.??"]

1. d4 Nf6 2. Bg5 Ne4 3. Bf4 d5 4. e3 Bf5 5. f3 Nf6 6. c4 c6 7. Nc3 e6 8. g4 Bg6
9. h4 h6 10. Qb3 b6 11. cxd5 Nxd5 12. Nxd5 exd5 13. Bd3 Bxd3 14. Qxd3 Be7 15.
Bg3 Nd7 16. Ne2 Nf8 17. O-O-O Qd7 18. Kb1 O-O-O 19. Qa6+ Qb7 20. Qa4 Qd7 21.
Qa6+ Qb7 22. Qa4 Qd7 23. Nc1 Kb7 24. Nd3 f6 25. Rc1 Ne6 26. h5 c5 27. Qxd7+
Rxd7 28. dxc5 Nxc5 29. Rhd1 Rhd8 30. Nf4 a5 31. b3 Bf8 32. Bf2 Na6 33. Rc2 Nc7
34. Rxc7+ Kxc7 35. Ne6+ Kc6 36. Nxd8+ Rxd8 37. Kc2 Bc5 38. a4 b5 39. Rd3 Bb4
40. e4 bxa4 41. bxa4 Rd6 42. Rxd5 Rxd5 43. exd5+ Kxd5 44. Kd3 Bc5 45. Be1 Bb6
46. Bc3 Bd8 47. Bb2 Be7 48. Bd4 Bc5 49. Bc3 Bb6 50. Bb2 Bc5 51. Ba1 Bb4 52. Bb2
Bc5 53. Bc3 Bb6 54. f4 Bd8 55. Bd2 Bc7 56. Be3 Bd8 57. Bd4 Bc7 58. Bc3 Bd8 59.
g5 hxg5 60. fxg5 fxg5 61. Bxg7 Ke6 62. Ke4 Bf6 63. Bf8 Be5 64. Bc5 g4 65. Bb6
g3 66. Kf3 Kf5 67. Be3 Bd6 68. Bc1 Be5 69. Bd2 Bc7 70. Kg2 Be5 71. Bxa5 Kg5 72.
Be1 Bc7 73. Bxg3 Ba5 74. Kf3 Kxh5 75. Ke4 Kg6 76. Kd5 Kf7 77. Kc6 Ke6 78. Bd6
Be1 1/2-1/2

[Event "M.Chigorin Memorial A"]
[Site "St. Petersburg RUS"]
[Date "2007.12.06"]
[Round "6.13"]
[White "Lovkov, Roman"]
[Black "Slugin, Sergey"]
[Result "1/2-1/2"]
[WhiteElo "2457"]
[BlackElo "2403"]
[PlyCount "25"]
[EventDate "2007.??.??"]

1. d4 d5 2. c4 c6 3. Nc3 Nf6 4. Nf3 e6 5. e3 a6 6. Qc2 Nbd7 7. b3 b5 8. Be2 Be7
9. O-O O-O 10. Bb2 bxc4 11. bxc4 dxc4 12. Bxc4 c5 13. Rfd1 1/2-1/2

[Event "M.Chigorin Memorial A"]
[Site "St. Petersburg RUS"]
[Date "2007.12.06"]
[Round "6.14"]
[White "Ovod, Evgenija"]
[Black "Solovjov, Sergey I"]
[Result "1/2-1/2"]
[WhiteElo "2386"]
[BlackElo "2461"]
[PlyCount "75"]
[EventDate "2007.??.??"]

1. d4 Nf6 2. c4 g6 3. Nf3 Bg7 4. g3 O-O 5. Bg2 d6 6. O-O c6 7. Nc3 Qa5 8. e4 e5
9. d5 cxd5 10. cxd5 b5 11. Nd2 Bd7 12. a3 Qc7 13. Qe2 Qb7 14. b4 a5 15. bxa5
Rc8 16. Bb2 b4 17. axb4 Qxb4 18. Rfb1 Rxc3 19. Bxc3 Qxc3 20. a6 Nxa6 21. Rxa6
Rxa6 22. Qxa6 Qxd2 23. Qxd6 h5 24. h3 Qa2 25. Rb7 Qa4 26. Kh2 h4 27. gxh4 Be8
28. Qb4 Qd1 29. Qb3 Qh5 30. Qg3 Qd1 31. Qe3 Kh7 32. Bf3 Qa1 33. Kg2 Bh6 34. Qb6
Kg7 35. Qb2 Qxb2 36. Rxb2 Bc1 37. Rb6 Ba3 38. Kg3 1/2-1/2

[Event "M.Chigorin Memorial A"]
[Site "St. Petersburg RUS"]
[Date "2007.12.06"]
[Round "6.15"]
[White "Pogosian, Vladimir"]
[Black "Konovalov, Nikolay"]
[Result "0-1"]
[WhiteElo "2255"]
[BlackElo "2453"]
[PlyCount "74"]
[EventDate "2007.??.??"]

1. e4 c5 2. Bc4 Nc6 3. Nc3 g6 4. h4 Nf6 5. d3 d6 6. Nge2 Bg7 7. Bf4 e5 8. Bd2
Be6 9. Ng3 h5 10. Bg5 Qa5 11. O-O Nh7 12. Bd2 Qd8 13. f4 exf4 14. Rxf4 Be5 15.
Qf1 Bxf4 16. Qxf4 Bxc4 17. dxc4 Qf6 18. Nb5 O-O 19. Nxd6 Rfd8 20. Qxf6 Nxf6 21.
Bf4 Rd7 22. c3 Ng4 23. Nb5 Rad8 24. Re1 Rd1 25. Kf1 Nce5 26. Bxe5 Nxe5 27. b3
R8d2 28. Rxd1 Rxd1+ 29. Ke2 Ra1 30. a3 Ra2+ 31. Kf1 Rb2 32. b4 Nxc4 33. Nxa7
Ne3+ 34. Ke1 Nxg2+ 35. Kd1 cxb4 36. axb4 Nxh4 37. Nb5 Nf3 0-1

[Event "M.Chigorin Memorial A"]
[Site "St. Petersburg RUS"]
[Date "2007.12.06"]
[Round "6.16"]
[White "Bratus, Pater P"]
[Black "Smirnov, Artem"]
[Result "0-1"]
[WhiteElo "2211"]
[BlackElo "2419"]
[PlyCount "192"]
[EventDate "2007.??.??"]

1. c4 Nf6 2. Nf3 e6 3. g3 b6 4. Bg2 Bb7 5. O-O c5 6. Nc3 Be7 7. Re1 d6 8. e4 a6
9. d4 cxd4 10. Nxd4 Qc7 11. Qe2 Nbd7 12. Bd2 O-O 13. Rac1 Rfe8 14. b3 Rac8 15.
h3 Qb8 16. Kh2 Bf8 17. Qf1 Qa8 18. Re3 g6 19. Rce1 Nc5 20. Qh1 h5 21. Nc2 b5
22. cxb5 axb5 23. Nb4 Qa5 24. Nb1 Qb6 25. Bc3 Bg7 26. e5 Bxg2 27. Qxg2 dxe5 28.
Bxe5 Ncd7 29. Bc3 h4 30. Qf3 Qc5 31. Kg2 Qf5 32. g4 Qxf3+ 33. Kxf3 Bf8 34. a3
Be7 35. Kg2 Nb6 36. Bxf6 Bxf6 37. Rd3 Red8 38. Red1 Rxd3 39. Rxd3 Rc1 40. Nd2
Be7 41. Nf3 Bxb4 42. axb4 Nd5 43. Rd4 Rc3 44. Nxh4 g5 45. Nf3 Nf4+ 46. Kg3 Ne2+
47. Kg2 Nxd4 48. Nxd4 Kg7 49. Nxb5 Rxb3 50. Nd4 Rxb4 51. Nf3 f6 52. Nd2 f5 53.
gxf5 exf5 54. Nf3 Kf6 55. Nd2 Ke5 56. Nf3+ Kf4 57. Ne1 Rd4 58. Nf3 Rd1 59. Nh2
Rd8 60. Kg1 Rd3 61. Kg2 Ra3 62. Nf1 Ke5 63. Nd2 Kf6 64. Nc4 Rc3 65. Ne3 Kg6 66.
Nf1 Ra3 67. Ng3 Rb3 68. Nf1 Rb5 69. Nd2 Kh5 70. Nf1 Kh4 71. Nd2 Rd5 72. Nf3+
Kh5 73. Nh2 f4 74. Nf3 Kg6 75. Nh2 Kf5 76. Nf3 Ke4 77. Nh2 Rd3 78. Ng4 Ra3 79.
Nf6+ Kf5 80. Ng4 Rb3 81. Nh6+ Ke5 82. Nf7+ Kf6 83. Nh6 Ra3 84. Ng4+ Kf5 85.
Nh6+ Ke4 86. Ng4 Kd3 87. Ne5+ Ke2 88. Ng4 Rf3 89. h4 gxh4 90. Kg1 Ra3 91. Kg2
Ra8 92. Kh3 Rh8 93. Kg2 Rg8 94. Kh3 Rxg4 95. Kxg4 Kxf2 96. Kxf4 h3 0-1

[Event "M.Chigorin Memorial A"]
[Site "St. Petersburg RUS"]
[Date "2007.12.06"]
[Round "6.17"]
[White "Ponfilenok, Vladimir"]
[Black "Demianjuk, Alexander"]
[Result "1/2-1/2"]
[WhiteElo "2412"]
[BlackElo "2334"]
[PlyCount "92"]
[EventDate "2007.??.??"]

1. d4 Nf6 2. Nf3 e6 3. g3 d5 4. Bg2 Be7 5. O-O O-O 6. c4 Nbd7 7. Qc2 c6 8. b3
b6 9. Rd1 Ba6 10. Nbd2 Rc8 11. e4 c5 12. exd5 exd5 13. Nf1 dxc4 14. d5 cxb3 15.
axb3 Bxf1 16. Bxf1 Qc7 17. Bf4 Bd6 18. Bxd6 Qxd6 19. Rxa7 Ra8 20. Rxa8 Rxa8 21.
Bg2 b5 22. Nd2 Nb6 23. Ne4 Nxe4 24. Qxe4 g6 25. Bf1 b4 26. Bb5 Rd8 27. Bc6 Nc8
28. Re1 Kg7 29. Bb7 Qf6 30. Qc2 Qb6 31. Bc6 Na7 32. Qb2+ Kg8 33. Qf6 Nxc6 34.
dxc6 Rf8 35. Re7 c4 36. bxc4 Qc5 37. Rb7 Qxc4 38. h4 h5 39. c7 b3 40. Kh2 Qc2
41. Kg2 b2 42. Qb6 b1=Q 43. Qxb1 Qc6+ 44. f3 Rc8 45. Qe4 Rxc7 46. Rb8+ Kh7
1/2-1/2

[Event "M.Chigorin Memorial A"]
[Site "St. Petersburg RUS"]
[Date "2007.12.06"]
[Round "6.18"]
[White "Gorovykh, Eduard"]
[Black "Utegaliyev, Azamat"]
[Result "1/2-1/2"]
[WhiteElo "2402"]
[BlackElo "2200"]
[PlyCount "47"]
[EventDate "2007.??.??"]

1. e4 c5 2. Nf3 d6 3. d4 cxd4 4. Nxd4 Nf6 5. Nc3 a6 6. Rg1 e5 7. Nb3 Be6 8. g4
d5 9. g5 Nxe4 10. Nxe4 dxe4 11. Qxd8+ Kxd8 12. Be3 Kc7 13. O-O-O Nc6 14. Bg2 f5
15. gxf6 gxf6 16. Bxe4 f5 17. Bf3 b6 18. Rge1 Bxb3 19. axb3 Bg7 20. Bg5 e4 21.
Bh1 h6 22. Bh4 Be5 23. Rd5 Raf8 24. Bg3 1/2-1/2

[Event "M.Chigorin Memorial A"]
[Site "St. Petersburg RUS"]
[Date "2007.12.06"]
[Round "6.19"]
[White "Tarasova, Viktoriya"]
[Black "Ivanov, Rostislav"]
[Result "1-0"]
[WhiteElo "2277"]
[BlackElo "2355"]
[PlyCount "45"]
[EventDate "2007.??.??"]

1. d4 Nf6 2. c4 g6 3. Nc3 d6 4. e4 Bg7 5. h3 O-O 6. Bg5 Nbd7 7. Nf3 h6 8. Be3
a6 9. Qd2 Kh7 10. e5 Ng8 11. e6 fxe6 12. Bd3 Bf6 13. h4 Kg7 14. Rh3 Rf7 15. Rg3
Nf8 16. Bxg6 Nxg6 17. h5 Bd7 18. hxg6 Rf8 19. Rh3 e5 20. Bxh6+ Kxg6 21. Qd3+
Kf7 22. Qh7+ Ke8 23. Qg6+ 1-0

[Event "M.Chigorin Memorial A"]
[Site "St. Petersburg RUS"]
[Date "2007.12.06"]
[Round "6.20"]
[White "Bodnaruk, Anastasia"]
[Black "Kashlinskaya, Alina"]
[Result "1-0"]
[WhiteElo "2331"]
[BlackElo "2263"]
[PlyCount "77"]
[EventDate "2007.??.??"]

1. e4 c5 2. Ne2 Nc6 3. Nbc3 d6 4. g3 g6 5. d3 Bg7 6. Bg2 e6 7. Be3 Nd4 8. O-O
Ne7 9. Qd2 O-O 10. Nd1 d5 11. f4 Nxe2+ 12. Qxe2 d4 13. Bd2 Nc6 14. c4 dxc3 15.
bxc3 b5 16. e5 Bb7 17. Be3 c4 18. dxc4 bxc4 19. Rb1 Qd7 20. Qxc4 Na5 21. Qb5
Qxb5 22. Rxb5 Bxg2 23. Kxg2 Nc4 24. Bd4 f6 25. exf6 Bxf6 26. Bxf6 Rxf6 27. Rc5
Nb6 28. Ne3 Rff8 29. Rc6 Rfd8 30. Rxe6 Rac8 31. Rf2 Rxc3 32. f5 gxf5 33. Nxf5
Nd5 34. Nh6+ Kg7 35. Rf7+ Kh8 36. Rf5 Ne3+ 37. Rxe3 Rd2+ 38. Kh3 Rxe3 39. Rg5
1-0

[Event "M.Chigorin Memorial A"]
[Site "St. Petersburg RUS"]
[Date "2007.12.07"]
[Round "7.2"]
[White "Popov, Valerij"]
[Black "Andreikin, Dmitry"]
[Result "1/2-1/2"]
[WhiteElo "2580"]
[BlackElo "2555"]
[PlyCount "33"]
[EventDate "2007.??.??"]

1. d4 Nf6 2. c4 d6 3. Nf3 Nbd7 4. Nc3 e5 5. e4 Be7 6. g3 O-O 7. Bg2 a6 8. O-O
b5 9. Qe2 c6 10. Rd1 Qc7 11. a3 bxc4 12. Qxc4 Nb6 13. Qe2 a5 14. Qc2 Be6 15.
dxe5 dxe5 16. Bg5 Qb8 17. Nh4 1/2-1/2

[Event "M.Chigorin Memorial A"]
[Site "St. Petersburg RUS"]
[Date "2007.12.07"]
[Round "7.3"]
[White "Matlakov, Maxim"]
[Black "Yemelin, Vasily"]
[Result "1/2-1/2"]
[WhiteElo "2441"]
[BlackElo "2564"]
[PlyCount "68"]
[EventDate "2007.??.??"]

1. d4 Nf6 2. c4 e6 3. Nf3 d5 4. Nc3 Bb4 5. cxd5 exd5 6. Bg5 Nbd7 7. e3 c5 8.
Qc2 Qa5 9. Bd3 c4 10. Bf5 O-O 11. O-O Re8 12. Nd2 g6 13. Bxd7 Nxd7 14. h4 f6
15. Bf4 Bxc3 16. bxc3 Nb6 17. f3 Qa4 18. Qb1 Qa3 19. Qc2 Qa4 20. Qb1 Qa3 21.
Qc2 Bd7 22. Rac1 Ba4 23. Qb1 Bc6 24. e4 Re6 25. h5 g5 26. Bg3 Qe7 27. e5 fxe5
28. Bxe5 Nd7 29. f4 Rf8 30. Rf3 gxf4 31. Bxf4 Qh4 32. Rcf1 Qxh5 33. Qd1 Rg6 34.
Qe1 Rf7 1/2-1/2

[Event "M.Chigorin Memorial A"]
[Site "St. Petersburg RUS"]
[Date "2007.12.07"]
[Round "7.4"]
[White "Maslak, Konstantin"]
[Black "Yevseev, Denis"]
[Result "1/2-1/2"]
[WhiteElo "2510"]
[BlackElo "2499"]
[PlyCount "21"]
[EventDate "2007.??.??"]

1. e4 c6 2. d4 d5 3. Nc3 dxe4 4. Nxe4 Bf5 5. Ng3 Bg6 6. h4 h6 7. Nf3 e6 8. Ne5
Bh7 9. Nd3 Bxd3 10. Qxd3 Nd7 11. c3 1/2-1/2

[Event "M.Chigorin Memorial A"]
[Site "St. Petersburg RUS"]
[Date "2007.12.07"]
[Round "7.5"]
[White "Shimanov, Aleksandr"]
[Black "Safarli, Eltaj"]
[Result "0-1"]
[WhiteElo "2447"]
[BlackElo "2487"]
[PlyCount "112"]
[EventDate "2007.??.??"]

1. Nf3 c5 2. c4 Nf6 3. g3 g6 4. Bg2 Bg7 5. d4 cxd4 6. Nxd4 O-O 7. Nc3 Nc6 8.
O-O d6 9. Nc2 h5 10. Ne3 h4 11. Bd2 Ne5 12. Rc1 Bd7 13. Ncd5 Nxd5 14. Nxd5 e6
15. Ne3 Bc6 16. Bb4 Qb6 17. Bxd6 Rfd8 18. Bxc6 Nxc6 19. c5 Qxb2 20. Rc2 Qa3 21.
Qb1 Nd4 22. Rd2 Qa6 23. Qd1 Nb5 24. gxh4 Qc6 25. Qa4 b6 26. Rc2 Rac8 27. cxb6
Qxb6 28. Rxc8 Rxc8 29. Bg3 Nc3 30. Qg4 Qb5 31. Re1 Nxa2 32. Ng2 a5 33. Nf4 Qf5
34. Qf3 a4 35. e4 Qa5 36. Rf1 Rc1 37. Qg4 Rxf1+ 38. Kxf1 Nc3 39. Nxg6 a3 40.
Be5 Qxe5 41. Nxe5 a2 42. Kg2 a1=Q 43. Nf3 Ne2 44. h5 Qf6 45. h3 Nf4+ 46. Kg3
Nd3 47. Kg2 Qf4 48. Kg1 Qc1+ 49. Kg2 Qf4 50. Kf1 Kf8 51. Ke2 Qd6 52. Kf1 Bh6
53. Kg1 Nf4 54. e5 Qd1+ 55. Kh2 Qf1 56. Kg3 Ne2+ 0-1

[Event "M.Chigorin Memorial A"]
[Site "St. Petersburg RUS"]
[Date "2007.12.07"]
[Round "7.6"]
[White "Zhigalko, Andrey"]
[Black "Gubajdullin, Alexei"]
[Result "1-0"]
[WhiteElo "2554"]
[BlackElo "2475"]
[PlyCount "72"]
[EventDate "2007.??.??"]

1. e4 c5 2. Nf3 d6 3. d4 cxd4 4. Nxd4 Nf6 5. Nc3 a6 6. Be3 e6 7. f3 b5 8. Qd2
Nbd7 9. g4 Nb6 10. a4 Nc4 11. Bxc4 bxc4 12. a5 Bb7 13. Na4 d5 14. e5 Nd7 15. f4
Qh4+ 16. Bf2 Qxg4 17. Rg1 Qh5 18. h4 Be7 19. Rxg7 Nxe5 20. Nb6 Rd8 21. Ra3 Bxa3
22. bxa3 Nf3+ 23. Nxf3 Qxf3 24. Bd4 Rf8 25. Bf6 Rd6 26. Qd4 Qxa3 27. Kf2 Qc1
28. c3 Qc2+ 29. Ke3 Qb1 30. h5 Qe1+ 31. Kf3 Qxc3+ 32. Qxc3 d4+ 33. Ke2 dxc3 34.
Bxc3 Rd3 35. Bb4 Bf3+ 36. Ke1 c3 1-0

[Event "M.Chigorin Memorial A"]
[Site "St. Petersburg RUS"]
[Date "2007.12.07"]
[Round "7.7"]
[White "Khairullin, Ildar"]
[Black "Aleksandrov, Aleksej"]
[Result "1-0"]
[WhiteElo "2567"]
[BlackElo "2614"]
[PlyCount "75"]
[EventDate "2007.??.??"]

1. e4 e5 2. Nf3 Nc6 3. Bb5 Nf6 4. d3 d6 5. c3 g6 6. Nbd2 Bg7 7. Nf1 O-O 8. Ng3
a6 9. Ba4 b5 10. Bc2 Nb8 11. O-O Nbd7 12. d4 c5 13. a4 Bb7 14. d5 c4 15. h3 Nc5
16. Bg5 h6 17. Be3 Nfd7 18. Qd2 h5 19. Bg5 Bf6 20. Bh6 Bg7 21. Bg5 Bf6 22. Bh6
Re8 23. Ng5 bxa4 24. Qe3 Qb6 25. Qf3 Re7 26. Nxh5 Bh8 27. Ng3 Qxb2 28. Bxa4
Nxa4 29. Rxa4 a5 30. Nf5 gxf5 31. Qxf5 Nf8 32. Nh7 Nd7 33. Qg5+ Kxh7 34. Qxe7
Nf6 35. Bg5 Kg6 36. Bxf6 Bxf6 37. Qxd6 Qxc3 38. Ra3 1-0

[Event "M.Chigorin Memorial A"]
[Site "St. Petersburg RUS"]
[Date "2007.12.07"]
[Round "7.8"]
[White "Mihajlovskij, Sergei"]
[Black "Alavkin, Arseny"]
[Result "0-1"]
[WhiteElo "2480"]
[BlackElo "2442"]
[PlyCount "136"]
[EventDate "2007.??.??"]

1. c4 c6 2. e4 d5 3. exd5 cxd5 4. d4 Nf6 5. Nc3 Nc6 6. Nf3 Bg4 7. cxd5 Nxd5 8.
Qb3 Bxf3 9. gxf3 e6 10. Qxb7 Nxd4 11. Bb5+ Nxb5 12. Qxb5+ Qd7 13. Qxd7+ Kxd7
14. Nxd5 exd5 15. Be3 Bb4+ 16. Ke2 Rhc8 17. Rac1 Rxc1 18. Rxc1 Bd6 19. Rd1 Ke6
20. Rd4 Rc8 21. Ra4 Rc2+ 22. Kd3 Rxb2 23. Ra6 Kd7 24. Rxa7+ Kc6 25. Bd4 Bc5 26.
Bxb2 Bxa7 27. Bxg7 Kb5 28. Bd4 Bb8 29. h3 Bd6 30. Be3 Be5 31. f4 Bf6 32. f5 Be5
33. Bd2 Bf6 34. Bc3 Bh4 35. Bd4 Kb4 36. Be3 Bf6 37. Bd4 Bh4 38. Be3 Bf6 39. Bc1
Ka4 40. f3 Kb4 41. f4 h5 42. Be3 Kb5 43. Bd4 Bh4 44. Bg7 Bf2 45. Bf8 Bb6 46. f6
Bf2 47. Ba3 Ba7 48. Bc1 Bb6 49. Be3 Bc7 50. Kc3 Bd6 51. Kb3 Bc7 52. a4+ Kc6 53.
Kc3 Bd8 54. Bd4 Bc7 55. f5 Bd6 56. Kd3 Bc7 57. Bc3 Bd8 58. Be5 Bb6 59. Bd4 Bc7
60. Bb2 Bb6 61. Bc3 Bd8 62. Ke3 Kc5 63. a5 Kc4 64. Be1 Bxf6 65. a6 Be5 66. Bf2
Bb8 67. Kf3 d4 68. Ke4 Ba7 {time} 0-1

[Event "M.Chigorin Memorial A"]
[Site "St. Petersburg RUS"]
[Date "2007.12.07"]
[Round "7.9"]
[White "Evdokimov, Alexander A"]
[Black "Slugin, Sergey"]
[Result "0-1"]
[WhiteElo "2562"]
[BlackElo "2403"]
[PlyCount "62"]
[EventDate "2007.??.??"]

1. Nf3 d5 2. c4 c6 3. d4 Nf6 4. Nc3 e6 5. e3 Nbd7 6. Qc2 Bd6 7. Be2 O-O 8. O-O
dxc4 9. Bxc4 a6 10. Rd1 b5 11. Be2 Qc7 12. e4 e5 13. g3 Re8 14. dxe5 Nxe5 15.
Nd4 b4 16. Na4 c5 17. Nf5 Bxf5 18. exf5 Qc6 19. Bf4 h5 20. h4 Nfg4 21. Rd2 Rac8
22. Rc1 c4 23. Bxe5 Nxe5 24. Bxh5 Bb8 25. Qd1 Ba7 26. Rd6 Qe4 27. Nb6 Bxb6 28.
Rxb6 Nd3 29. f6 g6 30. Bg4 Qd4 31. Qd2 Qxb6 0-1

[Event "M.Chigorin Memorial A"]
[Site "St. Petersburg RUS"]
[Date "2007.12.07"]
[Round "7.10"]
[White "Konovalov, Nikolay"]
[Black "Kokarev, Dmitry"]
[Result "0-1"]
[WhiteElo "2453"]
[BlackElo "2550"]
[PlyCount "84"]
[EventDate "2007.??.??"]

1. d4 Nf6 2. c4 g6 3. g3 Bg7 4. Bg2 O-O 5. Nc3 d6 6. Nf3 Nc6 7. O-O a6 8. b3
Rb8 9. Bb2 b5 10. cxb5 axb5 11. Qc2 b4 12. Nd1 Na5 13. e4 c6 14. Ne3 Ng4 15.
Rfe1 Qb6 16. Rad1 Nxe3 17. Rxe3 Bg4 18. h3 Bxf3 19. Bxf3 e6 20. Re2 Rbc8 21.
Qd3 Rfd8 22. Qe3 d5 23. Rc2 Nb7 24. Rdc1 Nd6 25. Rc5 Qa6 26. Ra1 Bf8 27. Rc2
Ra8 28. a4 bxa3 29. Rxa3 Qb6 30. Rxa8 Rxa8 31. e5 Nf5 32. Qd3 Ba3 33. Ba1 Bc5
34. Rxc5 Rxa1+ 35. Kg2 Qb4 36. Qc3 Qxc3 37. Rxc3 Nxd4 38. Rd3 Nc2 39. Rd1 Ra2
40. Rc1 Nb4 41. Rc3 Rd2 42. Kf1 Rd3 0-1

[Event "M.Chigorin Memorial A"]
[Site "St. Petersburg RUS"]
[Date "2007.12.07"]
[Round "7.11"]
[White "Tihonov, Jurij"]
[Black "Tarasova, Viktoriya"]
[Result "1/2-1/2"]
[WhiteElo "2522"]
[BlackElo "2277"]
[PlyCount "121"]
[EventDate "2007.??.??"]

1. d4 Nf6 2. Nf3 g6 3. Bg5 Bg7 4. Nbd2 O-O 5. e3 d6 6. c3 Nbd7 7. Be2 e5 8. O-O
h6 9. Bh4 Qe7 10. dxe5 dxe5 11. e4 b6 12. Re1 Bb7 13. Qc2 Rfd8 14. Bf1 a5 15.
Nc4 Qc5 16. Nfd2 a4 17. Ne3 Nf8 18. f3 Ne6 19. Bf2 Qe7 20. b4 axb3 21. axb3 Qe8
22. b4 Rxa1 23. Rxa1 Ra8 24. Rd1 Rd8 25. Bh4 h5 26. Bc4 Bc6 27. Ndf1 Rxd1 28.
Qxd1 Ba4 29. Qd2 Kh7 30. Qa2 Bb5 31. Bxe6 fxe6 32. c4 Bc6 33. Qa7 Qc8 34. Be1
Bb7 35. Bc3 Nd7 36. Qa1 Qa8 37. Qd1 Qe8 38. g4 Bf6 39. Qe1 Qe7 40. Qa1 Qd8 41.
Kf2 h4 42. g5 Bxg5 43. Ng4 Qf8 44. Qd1 Nf6 45. Nxf6+ Qxf6 46. Qd7+ Qe7 47.
Qxe7+ Bxe7 48. Ne3 Ba6 49. Ke2 b5 50. c5 Bxc5 51. Ng4 Be7 52. Nxe5 c5 53. Nd3
cxb4 54. Bxb4 Bd8 55. Bd6 b4 56. Bxb4 Bc7 57. h3 Bg3 58. Ke3 Kg7 59. Be7 Kf7
60. Bg5 e5 61. Nf2 1/2-1/2

[Event "M.Chigorin Memorial A"]
[Site "St. Petersburg RUS"]
[Date "2007.12.07"]
[Round "7.12"]
[White "Levin, Evgeny A"]
[Black "Romanov, Evgeny"]
[Result "1/2-1/2"]
[WhiteElo "2428"]
[BlackElo "2515"]
[PlyCount "52"]
[EventDate "2007.??.??"]

1. d4 Nf6 2. c4 e6 3. Nc3 Bb4 4. Qc2 d5 5. cxd5 exd5 6. Bg5 c5 7. Nf3 cxd4 8.
Nxd4 Nc6 9. Rd1 h6 10. Bxf6 Qxf6 11. e3 O-O 12. Be2 Be6 13. O-O Rac8 14. Qb3
Bxc3 15. bxc3 b6 16. Qa3 Na5 17. Nb5 Qe5 18. Nxa7 Rxc3 19. Qb4 Rb8 20. Rc1 Rxc1
21. Rxc1 d4 22. Qxd4 Qxd4 23. exd4 Bxa2 24. Rc8+ Rxc8 25. Nxc8 Nc6 26. Nxb6
Nxd4 1/2-1/2

[Event "M.Chigorin Memorial A"]
[Site "St. Petersburg RUS"]
[Date "2007.12.07"]
[Round "7.13"]
[White "Smirnov, Artem"]
[Black "Gasanov, Eldar"]
[Result "1/2-1/2"]
[WhiteElo "2419"]
[BlackElo "2504"]
[PlyCount "121"]
[EventDate "2007.??.??"]

1. d4 Nf6 2. Bg5 e6 3. e4 h6 4. Bxf6 Qxf6 5. Nc3 d6 6. Qd2 g5 7. Bc4 Nc6 8.
Nge2 Bg7 9. Rd1 Bd7 10. Nb5 O-O-O 11. O-O Kb8 12. d5 Ne5 13. Qa5 Bxb5 14. Bxb5
c6 15. dxc6 bxc6 16. Ba4 Qe7 17. Nd4 Rc8 18. b4 Qc7 19. Qa6 Qb6 20. Qe2 Ka8 21.
a3 d5 22. Bb3 Rhd8 23. Nf3 Ng6 24. Nd2 Nf4 25. Qf3 Qa6 26. g3 Ne2+ 27. Kg2 Nc3
28. Rde1 Rd7 29. e5 Nb5 30. Qd3 Qxa3 31. c4 Nc7 32. b5 Qc5 33. Ne4 Qb6 34. Nd6
Rb8 35. c5 Qxc5 36. Rc1 Qb4 37. bxc6 Re7 38. Nb7 Bxe5 39. Rb1 Qd4 40. Qc2 Qc3
41. Qe2 Qxc6 42. Na5 Qb5 43. Qxe5 Qxa5 44. Qd6 Qb4 45. Bxd5+ Nxd5 46. Rxb4 Rxb4
47. Rd1 Rb6 48. Qe5 Rd7 49. Rc1 Kb7 50. Qh8 Rc6 51. Rxc6 Kxc6 52. Qxh6 f6 53.
h4 gxh4 54. gxh4 Kd6 55. Kf3 Rf7 56. h5 f5 57. Qg6 Ke7 58. h6 Nf6 59. Qg5 Rh7
60. Qh4 Kf7 {f3 Ng8} 61. Qh5+ {Kf6 Qe8 Nh6 Qd8 Kf7 Qd7+ Kf6 Qd8+ Kf7} 1/2-1/2

[Event "M.Chigorin Memorial A"]
[Site "St. Petersburg RUS"]
[Date "2007.12.07"]
[Round "7.14"]
[White "Utkin, Aleksey"]
[Black "Lovkov, Roman"]
[Result "1-0"]
[WhiteElo "2389"]
[BlackElo "2457"]
[PlyCount "121"]
[EventDate "2007.??.??"]

1. Nf3 c5 2. g3 Nc6 3. Bg2 e5 4. O-O d5 5. c4 Nf6 6. cxd5 Nxd5 7. Qa4 Nb6 8.
Qc2 Be7 9. d3 O-O 10. Nc3 Be6 11. b3 Rc8 12. Bb2 f6 13. Rac1 Qd7 14. Qb1 Nd5
15. Nxd5 Bxd5 16. Rfd1 Rfd8 17. h4 b6 18. Bc3 Bf8 19. Kh2 Be6 20. Qb2 Nd4 21.
e3 Nb5 22. Qa1 Bg4 23. Rd2 Qf5 24. Ne1 Qh5 25. Kg1 Rd6 26. Bb2 Rcd8 27. a4 Nc7
28. b4 Na6 29. b5 Nb4 30. a5 Qe8 31. axb6 axb6 32. Bc3 Qxb5 33. Rb2 Bf5 34. Nc2
Rxd3 35. Bxb4 cxb4 36. Bf1 b3 37. Ne1 e4 38. Rc3 Qe5 39. Rc1 Be6 40. Qb1 Rc3
41. Rxc3 Qxc3 42. Qxe4 Bf7 43. Rb1 Kh8 44. Qb7 Kg8 45. Qxb6 Ra8 46. Qb5 Ra5 47.
Qd3 Qb4 48. Qd8 Rd5 49. Qa8 Rd2 50. Nd3 Qc3 51. Qe4 Ra2 52. Nc1 Rc2 53. Nd3 Qd2
54. Qf5 Bc4 55. Ne5 fxe5 56. Bxc4+ Rxc4 57. Qe6+ Kh8 58. Qxc4 b2 59. Qc8 Kg8
60. Qe6+ Kh8 61. Qa2 1-0

[Event "M.Chigorin Memorial A"]
[Site "St. Petersburg RUS"]
[Date "2007.12.07"]
[Round "7.15"]
[White "Solovjov, Sergey I"]
[Black "Rozum, Ivan"]
[Result "1-0"]
[WhiteElo "2461"]
[BlackElo "2411"]
[PlyCount "105"]
[EventDate "2007.??.??"]

1. e4 c5 2. Nf3 e6 3. d4 cxd4 4. Nxd4 a6 5. Nc3 Qc7 6. Be2 Nf6 7. O-O d6 8. Be3
Be7 9. f4 O-O 10. g4 Nc6 11. g5 Nd7 12. f5 Nxd4 13. Qxd4 Re8 14. fxe6 fxe6 15.
Bh5 Rf8 16. Rxf8+ Bxf8 17. Rf1 Ne5 18. Nd5 Qd8 19. Nb6 Rb8 20. Bf4 Bd7 21. Nxd7
Nxd7 22. Bg4 Qe7 23. Qxd6 Qxd6 24. Bxd6 Bxd6 25. Bxe6+ Kh8 26. Bxd7 Be5 27. c3
g6 28. Rd1 b5 29. Rd5 Bf4 30. b3 Rb7 31. Bc8 Rb6 32. Bd7 Rb7 33. h4 Rc7 34. Be6
h6 35. gxh6 Rxc3 36. Rd7 Bxh6 37. Bd5 Bg7 38. Rd6 Rc1+ 39. Kg2 Rc2+ 40. Kf3
Rxa2 41. Rxg6 a5 42. Rb6 b4 43. Rb8+ Kh7 44. Bg8+ Kg6 45. Rb6+ Bf6 46. e5 Kg7
47. Rxf6 Kxg8 48. e6 Rc2 49. e7 Rc8 50. Ke4 Kg7 51. Rf8 Rxf8 52. exf8=Q+ Kxf8
53. Kd4 1-0